[Event "Vaujany op-B 8th"]
[Site "Vaujany"]
[Date "2017.07.18"]
[Round "6.4"]
[White "Sesia, Noah"]
[Black "Gallet, Gilles"]
[Result "1-0"]
[WhiteElo "1723"]
[BlackElo "1665"]
[PlyCount "47"]
[EventDate "2017.07.13"]
[EventType "swiss"]
[EventRounds "9"]
[EventCountry "FRA"]
[SourceTitle "EXT 2020"]
[Source "ChessBase"]
[SourceDate "2019.10.17"]
[SourceVersion "1"]
[SourceVersionDate "2019.10.17"]
[SourceQuality "1"]

1. d4 d5 2. Bg5 Nf6 3. Nf3 Bf5 4. e3 Qd6 5. a3 Nbd7 6. c4 c5 7. cxd5 Qxd5 8. Nc3 Qc6 9. Bb5 Qc7 10. Nh4 Bg6 11. dxc5 0-0-0 12. Nxg6 hxg6 13. c6 bxc6 14. Ba6+ Kb8 15. Qb3+ Ka8 16. 0-0-0 e6 17. Qc2 Be7 18. Be2 Ne5 19. f4 Ned7 20. Bf3 Nc5 21. b4 Ncd7 22. Nb5 Qb6 23. Qxc6+ Qxc6+ 24. Bxc6+ 1-0

[Event "Vaujany op-B 8th"]
[Site "Vaujany"]
[Date "2017.07.14"]
[Round "2.10"]
[White "Weisz, Jacques"]
[Black "Gallet, Gilles"]
[Result "1/2-1/2"]
[WhiteElo "1745"]
[BlackElo "1665"]
[PlyCount "61"]
[EventDate "2017.07.13"]
[EventType "swiss"]
[EventRounds "9"]
[EventCountry "FRA"]
[SourceTitle "EXT 2020"]
[Source "ChessBase"]
[SourceDate "2019.10.17"]
[SourceVersion "1"]
[SourceVersionDate "2019.10.17"]
[SourceQuality "1"]

1. d4 d5 2. c4 c6 3. Nc3 e5 4. cxd5 cxd5 5. e3 exd4 6. Qxd4 Nf6 7. Nf3 Nc6 8. Qd1 Be7 9. Be2 0-0 10. 0-0 a6 11. Nd4 Qd6 12. Bf3 Nxd4 13. Qxd4 Be6 14. Rd1 Rfd8 15. Bd2 Rac8 16. Be1 b5 17. Rac1 Rc4 18. Qd3 Qd7 19. Qe2 Qc8 20. Bd2 Qd7 21. b3 Rcc8 22. Nb1 Rxc1 23. Rxc1 d4 24. exd4 Qxd4 25. Ba5 Rd6 26. Bc3 Qf4 27. Rd1 Rxd1+ 28. Qxd1 Bg4 29. Nd2 Bxf3 30. Qxf3 Qxf3 31. Nxf3 1/2-1/2

[Event "CFriend SH-2005-0-00031 email"]
[Site "Chessfriend.com"]
[Date "2005.04.13"]
[Round "1"]
[White "Bartos, Mike"]
[Black "Gallet, Gilles"]
[Result "1/2-1/2"]
[WhiteElo "2179"]
[BlackElo "2143"]
[PlyCount "39"]
[EventDate "2005.04.13"]
[EventType "tourn (corr)"]
[EventRounds "6"]
[SourceTitle "Corr 2008"]
[Source "ChessBase"]
[SourceDate "2008.06.24"]
[SourceVersion "1"]
[SourceVersionDate "2008.06.24"]
[SourceQuality "1"]

1. e4 c6 2. d3 d5 3. Nd2 e5 4. Ngf3 Bd6 5. g3 Nf6 6. Bg2 0-0 7. 0-0 Re8 8. c3 Nbd7 9. Qc2 a5 10. a4 Nc5 11. Re1 Bg4 12. h3 Bh5 13. Nh4 dxe4 14. dxe4 Be7 15. Nf5 Qd3 16. Nxe7+ Rxe7 17. Qxd3 Nxd3 18. Re3 Rd7 19. Nc4 Nc5 20. Re1 1/2-1/2

[Event "CFriend SH-2005-0-00031 email"]
[Site "Chessfriend.com"]
[Date "2005.04.13"]
[Round "1"]
[White "Simmelink, Joop Theo"]
[Black "Gallet, Gilles"]
[Result "1-0"]
[WhiteElo "2306"]
[BlackElo "2143"]
[PlyCount "55"]
[EventDate "2005.04.13"]
[EventType "tourn (corr)"]
[EventRounds "6"]
[SourceTitle "Corr 2008"]
[Source "ChessBase"]
[SourceDate "2008.06.24"]
[SourceVersion "1"]
[SourceVersionDate "2008.06.24"]
[SourceQuality "1"]

1. e4 c6 2. d4 d5 3. e5 Bf5 4. h4 Qb6 5. Nc3 h6 6. g4 Bd7 7. Na4 Qa5+ 8. c3 e6 9. b4 Qc7 10. Nf3 a5 11. Bd2 axb4 12. cxb4 b6 13. Rb1 c5 14. Nc3 c4 15. b5 h5 16. g5 Ne7 17. Bh3 Ra3 18. Ng1 Ng6 19. Nge2 Nxh4 20. Nf4 Ng6 21. Nxg6 fxg6 22. Qc2 Bc8 23. Qxg6+ Qf7 24. Qxf7+ Kxf7 25. g6+ Kxg6 26. Nxd5 Kf7 27. Nxb6 Bb7 28. d5 1-0

[Event "CFriend SH-2005-0-00031 email"]
[Site "Chessfriend.com"]
[Date "2005.04.13"]
[Round "1"]
[White "Tarmak, Mart"]
[Black "Gallet, Gilles"]
[Result "1/2-1/2"]
[WhiteElo "2172"]
[BlackElo "2143"]
[PlyCount "40"]
[EventDate "2005.04.13"]
[EventType "tourn (corr)"]
[EventRounds "6"]
[SourceTitle "Corr 2008"]
[Source "ChessBase"]
[SourceDate "2008.06.24"]
[SourceVersion "1"]
[SourceVersionDate "2008.06.24"]
[SourceQuality "1"]

1. e4 c6 2. d4 d5 3. Nd2 dxe4 4. Nxe4 Bf5 5. Ng3 Bg6 6. h4 h6 7. Nf3 Nd7 8. h5 Bh7 9. Bd3 Bxd3 10. Qxd3 Ngf6 11. Bd2 Qc7 12. 0-0-0 e6 13. Ne4 0-0-0 14. g3 Nc5 15. Nxc5 Bxc5 16. c4 Bb6 17. Bc3 Rhe8 18. Qc2 Qe7 19. Ne5 c5 20. dxc5 Bxc5 1/2-1/2

[Event "CFriend SH-2004-0-00020 email"]
[Site "Chessfriend.com"]
[Date "2004.05.08"]
[Round "1"]
[White "Gallet, Gilles"]
[Black "Canovas Pardomingo, Miguel Angel"]
[Result "0-1"]
[WhiteElo "2143"]
[BlackElo "2437"]
[PlyCount "62"]
[EventDate "2004.05.08"]
[EventType "tourn (corr)"]
[EventRounds "9"]
[SourceTitle "Corr 2008"]
[Source "ChessBase"]
[SourceDate "2008.06.24"]
[SourceVersion "1"]
[SourceVersionDate "2008.06.24"]
[SourceQuality "1"]

1. d4 f5 2. g3 Nf6 3. Bg2 g6 4. Nh3 Bg7 5. Nf4 Nc6 6. Nc3 e5 7. dxe5 Nxe5 8. Nd3 Nf7 9. 0-0 d5 10. Nb5 c6 11. Nd4 0-0 12. b3 Ne4 13. Bb2 c5 14. Nf3 Bxb2 15. Nxb2 Qf6 16. Nd3 d4 17. Re1 b6 18. e3 dxe3 19. Rxe3 Bb7 20. Qe1 Rae8 21. Rd1 g5 22. Nd2 Nfd6 23. Nxe4 fxe4 24. c3 Bc6 25. Nb2 g4 26. Re2 Qg6 27. b4 Rf6 28. bxc5 bxc5 29. Red2 Ree6 30. Qe2 e3 31. fxe3 Bf3 0-1

[Event "CFriend SH-2004-0-00020 email"]
[Site "Chessfriend.com"]
[Date "2004.05.08"]
[Round "1"]
[White "Gallet, Gilles"]
[Black "Horvath, Daniel"]
[Result "1/2-1/2"]
[WhiteElo "2143"]
[BlackElo "2242"]
[PlyCount "80"]
[EventDate "2004.05.08"]
[EventType "tourn (corr)"]
[EventRounds "9"]
[SourceTitle "Corr 2008"]
[Source "ChessBase"]
[SourceDate "2008.06.24"]
[SourceVersion "1"]
[SourceVersionDate "2008.06.24"]
[SourceQuality "1"]

1. d4 Nf6 2. c4 e6 3. Nf3 b6 4. g3 Ba6 5. b3 Bb4+ 6. Bd2 Be7 7. Bg2 c6 8. Bc3 d5 9. Ne5 Ne4 10. Qd3 Nxc3 11. Nxc3 0-0 12. 0-0 Qc7 13. Rac1 Nd7 14. Nxd7 Qxd7 15. Rfd1 Rac8 16. e4 Rcd8 17. Ne2 dxc4 18. bxc4 e5 19. Qc2 Qc7 20. Qa4 Bc8 21. c5 Bd7 22. cxb6 axb6 23. dxe5 Qxe5 24. Nf4 b5 25. Qa7 Bg4 26. Rxd8 Rxd8 27. h3 g5 28. Qe3 gxf4 29. gxf4 Qb2 30. hxg4 Rd3 31. Qxd3 Qxc1+ 32. Bf1 Qxf4 33. Be2 Bh4 34. Qe3 Qxe3 35. fxe3 Kg7 36. Bd1 c5 37. a4 bxa4 38. Bxa4 c4 39. Kf1 Bf6 40. Bd7 h6 1/2-1/2

[Event "CFriend SH-2004-0-00020 email"]
[Site "Chessfriend.com"]
[Date "2004.05.08"]
[Round "?"]
[White "Gallet, Gilles"]
[Black "Teboul, Rene"]
[Result "1/2-1/2"]
[WhiteElo "2160"]
[BlackElo "2063"]
[PlyCount "56"]
[EventDate "2004.05.08"]
[EventType "tourn (corr)"]
[EventRounds "9"]
[SourceTitle "Corr 2008"]
[Source "ChessBase"]
[SourceDate "2008.06.24"]
[SourceVersion "1"]
[SourceVersionDate "2008.06.24"]
[SourceQuality "1"]

1. d4 Nf6 2. c4 e6 3. Nf3 d5 4. Nc3 Bb4 5. e3 0-0 6. Bd3 b6 7. 0-0 Bb7 8. Qe2 Nbd7 9. Bd2 c5 10. cxd5 cxd4 11. exd4 Nxd5 12. Nxd5 Bxd2 13. Qe4 g6 14. Ne7+ Qxe7 15. Qxb7 Bb4 16. Be4 Rfd8 17. Rac1 Rab8 18. Qxa7 Ne5 19. Rc7 Nxf3+ 20. Bxf3 Qf6 21. Rd7 Rxd7 22. Qxb8+ Qd8 23. Qxd8+ Rxd8 24. Rd1 Kg7 25. d5 Kf6 26. g3 g5 27. a3 Bf8 28. Kf1 exd5 1/2-1/2

[Event "CFriend SH-2003-0-00013 email"]
[Site "Chessfriend.com"]
[Date "2003.11.20"]
[Round "?"]
[White "Cade, Stephen"]
[Black "Gallet, Gilles"]
[Result "0-1"]
[WhiteElo "2085"]
[BlackElo "2183"]
[PlyCount "80"]
[EventDate "2003.11.20"]
[EventType "tourn (corr)"]
[EventRounds "12"]
[SourceTitle "Corr 2008"]
[Source "ChessBase"]
[SourceDate "2008.06.24"]
[SourceVersion "1"]
[SourceVersionDate "2008.06.24"]
[SourceQuality "1"]

1. d4 d5 2. c4 c6 3. Nc3 e5 4. dxe5 d4 5. Ne4 Qa5+ 6. Bd2 Qxe5 7. Ng3 Nf6 8. Nf3 Qd6 9. Qc2 Be7 10. 0-0-0 0-0 11. e3 dxe3 12. fxe3 Rd8 13. Be2 Qc5 14. b4 Qb6 15. c5 Qc7 16. Bc3 Ng4 17. Bc4 Rf8 18. Rhe1 b5 19. Bd3 g6 20. h3 Nf6 21. Be5 Qb7 22. h4 Nbd7 23. Bd6 Bxd6 24. cxd6 Nd5 25. Qd2 a5 26. e4 Nxb4 27. h5 Qa7 28. hxg6 fxg6 29. e5 Nc5 30. Bb1 Be6 31. Re3 Rf4 32. Nd4 Bg4 33. Nge2 Bxe2 34. Nxe2 Rc4+ 35. Rc3 Rb8 36. Qg5 Nd5 37. Bxg6 hxg6 38. Rxc4 bxc4 39. Nd4 Nb4 40. Qxg6+ Qg7 0-1

[Event "CFriend SH-2003-0-00008 email"]
[Site "Chessfriend.com"]
[Date "2003.07.17"]
[Round "?"]
[White "Gallet, Gilles"]
[Black "Muttoni, Guillermo Cesar"]
[Result "1/2-1/2"]
[WhiteElo "2158"]
[BlackElo "1998"]
[PlyCount "54"]
[EventDate "2003.07.17"]
[EventType "tourn (corr)"]
[EventRounds "12"]
[SourceTitle "Corr 2008"]
[Source "ChessBase"]
[SourceDate "2008.06.24"]
[SourceVersion "1"]
[SourceVersionDate "2008.06.24"]
[SourceQuality "1"]

1. d4 d5 2. Nf3 Nf6 3. Bg5 e6 4. Nbd2 Be7 5. e3 0-0 6. Bd3 Nbd7 7. 0-0 c5 8. c3 b6 9. Ne5 Bb7 10. f4 Ne4 11. Bxe7 Qxe7 12. Ndf3 f6 13. Nxd7 Qxd7 14. Qe2 Bc6 15. Rad1 b5 16. Nd2 c4 17. Bc2 a5 18. Nxe4 dxe4 19. Qf2 Rab8 20. f5 Bd5 21. fxe6 Qxe6 22. Qf5 Qxf5 23. Rxf5 Rbd8 24. Rdf1 Rd6 25. g4 g6 26. R5f4 Re6 27. a3 Kg7 1/2-1/2

[Event "CFriend SH-2003-0-00004 email"]
[Site "Chessfriend.com"]
[Date "2003.03.13"]
[Round "?"]
[White "Gallet, Gilles"]
[Black "Blom, Erik"]
[Result "1/2-1/2"]
[WhiteElo "2221"]
[BlackElo "2069"]
[PlyCount "56"]
[EventDate "2003.03.13"]
[EventType "tourn (corr)"]
[EventRounds "10"]
[SourceTitle "Corr 2008"]
[Source "ChessBase"]
[SourceDate "2008.06.24"]
[SourceVersion "1"]
[SourceVersionDate "2008.06.24"]
[SourceQuality "1"]

1. d4 d5 2. Nf3 Nf6 3. Bg5 Ne4 4. Bf4 c5 5. c3 Qb6 6. Qb3 Nd7 7. e3 c4 8. Qxb6 axb6 9. Nbd2 Ndf6 10. a3 Nxd2 11. Nxd2 Bf5 12. f3 b5 13. Bg5 Bg6 14. Be2 e6 15. e4 Be7 16. e5 Ng8 17. Bxe7 Nxe7 18. Kf2 0-0 19. f4 h5 20. Nf3 Nf5 21. Bd1 f6 22. Re1 Kf7 23. Bc2 Nh4 24. exf6 gxf6 25. Bxg6+ Nxg6 26. g3 Rh8 27. Re3 h4 28. Rae1 hxg3+ 1/2-1/2

[Event "CFriend SH-2003-0-00004 email"]
[Site "Chessfriend.com"]
[Date "2003.03.13"]
[Round "?"]
[White "Gallet, Gilles"]
[Black "Kulczycki, Michael"]
[Result "1/2-1/2"]
[WhiteElo "2221"]
[BlackElo "2083"]
[PlyCount "57"]
[EventDate "2003.03.13"]
[EventType "tourn (corr)"]
[EventRounds "10"]
[SourceTitle "Corr 2008"]
[Source "ChessBase"]
[SourceDate "2008.06.24"]
[SourceVersion "1"]
[SourceVersionDate "2008.06.24"]
[SourceQuality "1"]

1. d4 Nf6 2. Nf3 d5 3. Bg5 Ne4 4. Bf4 Bf5 5. Nbd2 c6 6. e3 e6 7. Nxe4 Bxe4 8. Be2 Bd6 9. Bxd6 Qxd6 10. 0-0 Bxf3 11. Bxf3 Nd7 12. Qd3 e5 13. e4 dxe4 14. Qxe4 Qxd4 15. Qxd4 exd4 16. Rfe1+ Kd8 17. Rad1 Re8 18. Rxe8+ Kxe8 19. Rxd4 Rd8 20. Kf1 f5 21. Rd3 Nf6 22. Rxd8+ Kxd8 23. h4 Ke7 24. Ke2 Kd6 25. Ke3 Ke5 26. g3 h6 27. a4 a5 28. c3 Nd5+ 29. Kd2 1/2-1/2

[Event "CFriend SH-2003-0-00004 email"]
[Site "Chessfriend.com"]
[Date "2003.03.13"]
[Round "?"]
[White "Kaufmann, Michael"]
[Black "Gallet, Gilles"]
[Result "0-1"]
[WhiteElo "2026"]
[BlackElo "2221"]
[PlyCount "80"]
[EventDate "2003.03.13"]
[EventType "tourn (corr)"]
[EventRounds "10"]
[SourceTitle "Corr 2008"]
[Source "ChessBase"]
[SourceDate "2008.06.24"]
[SourceVersion "1"]
[SourceVersionDate "2008.06.24"]
[SourceQuality "1"]

1. c4 c6 2. e4 d5 3. exd5 cxd5 4. d4 Nf6 5. Nc3 e6 6. Nf3 Nc6 7. a3 Be7 8. c5 Ne4 9. Qc2 Nxc3 10. Qxc3 a5 11. Bb5 0-0 12. 0-0 Bd7 13. Bf4 Bf6 14. a4 b6 15. Bd6 Re8 16. Ne5 Nxe5 17. dxe5 Bxb5 18. axb5 bxc5 19. Bxc5 Be7 20. Bxe7 Rxe7 21. Rfc1 g6 22. Qd2 Qb6 23. b4 a4 24. Rc5 Rc7 25. Qe3 Rxc5 26. Qxc5 Qxc5 27. bxc5 Ra5 28. Rb1 a3 29. Kf1 a2 30. Ra1 Rxb5 31. Rxa2 Rxc5 32. Ke2 g5 33. Kd3 Rc1 34. g3 Rd1+ 35. Ke3 Re1+ 36. Kd2 Rxe5 37. f3 Kg7 38. Ra4 Rf5 39. Ke3 Kg6 40. Rd4 h5 0-1

[Event "CFriend SH-2003-0-00004 email"]
[Site "Chessfriend.com"]
[Date "2003.03.13"]
[Round "?"]
[White "Oortwijn, Ron A"]
[Black "Gallet, Gilles"]
[Result "1-0"]
[WhiteElo "2183"]
[BlackElo "2221"]
[PlyCount "53"]
[EventDate "2003.03.13"]
[EventType "tourn (corr)"]
[EventRounds "10"]
[SourceTitle "Corr 2008"]
[Source "ChessBase"]
[SourceDate "2008.06.24"]
[SourceVersion "1"]
[SourceVersionDate "2008.06.24"]
[SourceQuality "1"]

1. e4 c5 2. Nf3 Nc6 3. d4 cxd4 4. Nxd4 Nf6 5. Nc3 e5 6. Ndb5 d6 7. Bg5 a6 8. Na3 b5 9. Bxf6 gxf6 10. Nd5 f5 11. Bxb5 axb5 12. Nxb5 Rb8 13. Nbc7+ Kd7 14. Qh5 Nd4 15. 0-0 Kc6 16. b4 fxe4 17. c3 Ne6 18. b5+ Kb7 19. b6 Qg5 20. Qe2 Nc5 21. a4 Bg4 22. Qb5 Bd7 23. Qa5 Bh3 24. Qa7+ Kc6 25. g3 Rb7 26. Qa5 Kd7 27. f4 1-0

[Event "CFriend SH-2003-0-00004 email"]
[Site "Chessfriend.com"]
[Date "2003.03.13"]
[Round "?"]
[White "Pavillar, Paul Newneil"]
[Black "Gallet, Gilles"]
[Result "0-1"]
[WhiteElo "2168"]
[BlackElo "2221"]
[PlyCount "114"]
[EventDate "2003.03.13"]
[EventType "tourn (corr)"]
[EventRounds "10"]
[SourceTitle "Corr 2008"]
[Source "ChessBase"]
[SourceDate "2008.06.24"]
[SourceVersion "1"]
[SourceVersionDate "2008.06.24"]
[SourceQuality "1"]

1. e4 c5 2. Nf3 Nc6 3. d4 cxd4 4. Nxd4 Nf6 5. Nc3 e5 6. Ndb5 d6 7. Nd5 Nxd5 8. exd5 Ne7 9. c4 Nf5 10. Bd3 Be7 11. 0-0 0-0 12. Qc2 g6 13. Bxf5 Bxf5 14. Qe2 a6 15. Nc3 Rc8 16. Bh6 Re8 17. Rac1 Bd7 18. b3 f5 19. Rfe1 Bf6 20. h3 g5 21. Qh5 Kh8 22. Ne2 Rg8 23. Ng3 Qe8 24. c5 Qg6 25. cxd6 Rcd8 26. Rc7 f4 27. Qxg6 Rxg6 28. Ne4 Rxh6 29. Nc5 Bf5 30. Nxb7 Rg8 31. d7 Rhg6 32. f3 Bd8 33. Nxd8 Rxd8 34. Rxe5 Bxd7 35. Kf2 h6 36. g3 fxg3+ 37. Kxg3 Kg8 38. b4 Rd6 39. h4 gxh4+ 40. Kxh4 Be8 41. Ree7 Kf8 42. a4 R8d7 43. Rexd7 Bxd7 44. b5 axb5 45. axb5 Bxb5 46. Rc5 Bd7 47. Kg3 Ke7 48. Kf4 Kf6 49. Kg3 Ke5 50. Rc1 Rg6+ 51. Kh2 Kxd5 52. Re1 Bf5 53. Re7 Be6 54. Ra7 Kd4 55. Ra3 Bd7 56. Rb3 Ke5 57. Rb8 Kf4 0-1

[Event "IECG CA.2002.0.00078 email"]
[Site "IECG email"]
[Date "2002.12.27"]
[Round "?"]
[White "Crotti, Lucas"]
[Black "Gallet, Gilles"]
[Result "1/2-1/2"]
[WhiteElo "2000"]
[BlackElo "2167"]
[PlyCount "51"]
[EventDate "2002.12.27"]
[EventType "tourn (corr)"]
[EventRounds "6"]
[SourceTitle "Corr 2008"]
[Source "ChessBase"]
[SourceDate "2008.06.24"]
[SourceVersion "1"]
[SourceVersionDate "2008.06.24"]
[SourceQuality "1"]

1. e4 c5 2. Nf3 Nc6 3. d4 cxd4 4. Nxd4 Nf6 5. Nc3 e5 6. Ndb5 d6 7. Nd5 Nxd5 8. exd5 Ne7 9. c4 Nf5 10. Bd3 Be7 11. 0-0 0-0 12. b4 a6 13. Nc3 Nh4 14. Rb1 f5 15. Re1 f4 16. Qc2 Bf5 17. Bxf5 Nxf5 18. Qd3 Qe8 19. Bd2 Qh5 20. f3 Rf6 21. Re2 Raf8 22. Ne4 Rh6 23. g4 Qg6 24. Rg2 Nh4 25. Rf2 Nf5 26. Rg2 1/2-1/2

[Event "IECG CA.2002.0.00078 email"]
[Site "IECG email"]
[Date "2002.12.27"]
[Round "?"]
[White "Gallet, Gilles"]
[Black "Migliorini, Roberto"]
[Result "1/2-1/2"]
[WhiteElo "2167"]
[BlackElo "2064"]
[PlyCount "50"]
[EventDate "2002.12.27"]
[EventType "tourn (corr)"]
[EventRounds "6"]
[SourceTitle "Corr 2008"]
[Source "ChessBase"]
[SourceDate "2008.06.24"]
[SourceVersion "1"]
[SourceVersionDate "2008.06.24"]
[SourceQuality "1"]

1. d4 d5 2. c4 dxc4 3. e4 e5 4. Nf3 exd4 5. Bxc4 Nc6 6. 0-0 Be6 7. Bxe6 fxe6 8. Qb3 Qd7 9. Qxb7 Rb8 10. Qa6 Nf6 11. Nbd2 Bb4 12. Qd3 Bxd2 13. Nxd2 0-0 14. Nb3 e5 15. f4 Rfe8 16. fxe5 Nxe5 17. Qxd4 Qxd4+ 18. Nxd4 Nxe4 19. b3 c5 20. Nf5 Rbd8 21. Bb2 Rd2 22. Bxe5 Rxe5 23. Rae1 g6 24. Nh6+ Kg7 25. Ng4 Re6 1/2-1/2

[Event "IECG CA.2002.0.00078 email"]
[Site "IECG email"]
[Date "2002.12.27"]
[Round "?"]
[White "Wilczek, Tadeusz"]
[Black "Gallet, Gilles"]
[Result "1/2-1/2"]
[WhiteElo "2000"]
[BlackElo "2167"]
[PlyCount "63"]
[EventDate "2002.12.27"]
[EventType "tourn (corr)"]
[EventRounds "6"]
[SourceTitle "Corr 2008"]
[Source "ChessBase"]
[SourceDate "2008.06.24"]
[SourceVersion "1"]
[SourceVersionDate "2008.06.24"]
[SourceQuality "1"]

1. e4 c5 2. Nf3 Nc6 3. d4 cxd4 4. Nxd4 Nf6 5. Nc3 e5 6. Ndb5 d6 7. Bg5 a6 8. Na3 b5 9. Nd5 Be7 10. Bxf6 Bxf6 11. c3 Bg5 12. Nc2 0-0 13. a4 bxa4 14. Rxa4 a5 15. Bb5 Ne7 16. Ncb4 Be6 17. Nxe7+ Qxe7 18. Bc6 Ra7 19. Nd5 Qd8 20. b4 f5 21. exf5 Rxf5 22. 0-0 Rf8 23. Qe2 Kh8 24. Qb5 Bd2 25. Rxa5 Rxa5 26. bxa5 Bxd5 27. Bxd5 Bxc3 28. a6 Bd4 29. Qb7 Qa5 30. h4 Bxf2+ 31. Kh2 Qd8 32. g3 1/2-1/2

[Event "IECG CA.2002.0.00065"]
[Site "IECG email"]
[Date "2002.08.08"]
[Round "1"]
[White "Cijs, Peter"]
[Black "Gallet, Gilles"]
[Result "1/2-1/2"]
[WhiteElo "2011"]
[BlackElo "2157"]
[PlyCount "82"]
[EventDate "2002.08.08"]
[EventType "tourn (corr)"]
[EventRounds "6"]
[SourceTitle "Corr 2024"]
[Source "ChessBase"]
[SourceDate "2023.10.19"]
[SourceVersion "1"]
[SourceVersionDate "2023.10.19"]
[SourceQuality "1"]

1. e4 c6 2. d4 d5 3. Nd2 dxe4 4. Nxe4 Bf5 5. Ng3 Bg6 6. h4 h6 7. Nf3 Nd7 8. h5 Bh7 9. Bd3 Bxd3 10. Qxd3 Ngf6 11. Bf4 e6 12. 0-0-0 Be7 13. Ne5 Nd5 14. Bd2 Nxe5 15. dxe5 Qc7 16. f4 0-0-0 17. Qe2 Kb8 18. Rhf1 Rd7 19. Ne4 Rhd8 20. g4 c5 21. Kb1 c4 22. c3 a5 23. Bc1 a4 24. Ka1 a3 25. bxa3 Qa5 26. Qb2 Nc7 27. Rxd7 Rxd7 28. Nd2 Qd5 29. Re1 Qd3 30. Ne4 Qf3 31. Qe2 Qxe2 32. Rxe2 Rd1 33. Kb2 Rg1 34. g5 Nd5 35. Bd2 Kc7 36. Rh2 Kc6 37. gxh6 gxh6 38. Ng5 hxg5 39. h6 Bf8 40. fxg5 Ne7 41. h7 Bg7 1/2-1/2

[Event "IECG CA.2002.0.00046 email"]
[Site "IECG email"]
[Date "2002.04.24"]
[Round "?"]
[White "De Clercq, Julien"]
[Black "Gallet, Gilles"]
[Result "0-1"]
[WhiteElo "2075"]
[BlackElo "2165"]
[PlyCount "65"]
[EventDate "2002.04.24"]
[EventType "tourn (corr)"]
[EventRounds "6"]
[SourceTitle "Corr 2008"]
[Source "ChessBase"]
[SourceDate "2008.06.24"]
[SourceVersion "1"]
[SourceVersionDate "2008.06.24"]
[SourceQuality "1"]

1. e4 c5 2. Nf3 Nc6 3. d4 cxd4 4. Nxd4 Nf6 5. Nc3 e5 6. Ndb5 d6 7. Bg5 a6 8. Na3 b5 9. Nd5 Qa5+ 10. Bd2 Qd8 11. Nxf6+ Qxf6 12. c4 b4 13. Nc2 Qg6 14. f3 a5 15. a3 bxa3 16. Nxa3 Be7 17. Nb5 0-0 18. Be3 Nb4 19. Nc7 Rb8 20. h4 f5 21. h5 Qf7 22. Be2 fxe4 23. fxe4 Bg5 24. Bxg5 Qf2+ 25. Kd2 Qd4+ 26. Kc1 Nd3+ 27. Qxd3 Qxb2+ 28. Kd1 Qxa1+ 29. Bc1 Rb1 30. Kd2 Rf2 31. Re1 h6 32. Nb5 Bg4 33. Nc3 0-1

[Event "IECG CA.2002.0.00046 email"]
[Site "IECG email"]
[Date "2002.04.24"]
[Round "?"]
[White "Gallet, Gilles"]
[Black "Ross, Steve"]
[Result "1-0"]
[WhiteElo "2165"]
[BlackElo "2050"]
[PlyCount "105"]
[EventDate "2002.04.24"]
[EventType "tourn (corr)"]
[EventRounds "6"]
[SourceTitle "Corr 2008"]
[Source "ChessBase"]
[SourceDate "2008.06.24"]
[SourceVersion "1"]
[SourceVersionDate "2008.06.24"]
[SourceQuality "1"]

1. d4 d6 2. Nf3 Nf6 3. c4 Nbd7 4. Nc3 e5 5. Bg5 Be7 6. e3 c6 7. Be2 0-0 8. Qc2 Ne8 9. Bxe7 Qxe7 10. 0-0 Nc7 11. Rfd1 f5 12. dxe5 dxe5 13. e4 f4 14. Rd2 Rd8 15. Qd3 Ne8 16. c5 Kh8 17. Rad1 h6 18. b4 b6 19. b5 Bb7 20. cxb6 axb6 21. Bf1 Kh7 22. bxc6 Bxc6 23. Nd5 Qe6 24. Qb1 Ba4 25. Rc1 Rac8 26. Re1 g5 27. Qb4 Ra8 28. Rc1 g4 29. Nh4 Qd6 30. Qxd6 Nxd6 31. Nc7 Nxe4 32. Rxd7+ Bxd7 33. Nxa8 Rxa8 34. Bd3 Rxa2 35. f3 Ra7 36. Bxe4+ Kg7 37. Rb1 b5 38. Nf5+ Bxf5 39. Bxf5 gxf3 40. gxf3 Rb7 41. Rb4 Kf6 42. Bd3 Rg7+ 43. Kf2 Rd7 44. Bxb5 Rd2+ 45. Be2 Rd6 46. Rb5 Kf5 47. h3 Kf6 48. h4 Kf5 49. Bc4 Kf6 50. Ke2 Kf5 51. Bd3+ Ke6 52. Ra5 Kf6 53. Ra6 1-0

[Event "IECG CA.2002.0.00038 email"]
[Site "IECG email"]
[Date "2002.02.20"]
[Round "?"]
[White "Gallet, Gilles"]
[Black "Marcotulli, Giancarlo"]
[Result "1/2-1/2"]
[WhiteElo "2173"]
[BlackElo "2066"]
[PlyCount "94"]
[EventDate "2002.02.20"]
[EventType "tourn (corr)"]
[EventRounds "6"]
[SourceTitle "Corr 2008"]
[Source "ChessBase"]
[SourceDate "2008.06.24"]
[SourceVersion "1"]
[SourceVersionDate "2008.06.24"]
[SourceQuality "1"]

1. d4 d5 2. Nf3 Nc6 3. g3 Bf5 4. Bg2 e6 5. 0-0 Nf6 6. c4 Be7 7. Ne5 0-0 8. Nc3 Ne4 9. cxd5 exd5 10. Nxc6 bxc6 11. Qa4 Nxc3 12. bxc3 Qd7 13. c4 Rfd8 14. Bf4 Be4 15. Bxe4 dxe4 16. Rab1 Bf6 17. Rfd1 Qe6 18. e3 Rd7 19. Rb7 g5 20. Bxc7 Rc8 21. d5 cxd5 22. cxd5 Rxd5 23. Rxd5 Qxd5 24. Rxa7 Kg7 25. g4 h5 26. gxh5 Qf5 27. Qd1 Qc5 28. Qd7 Qxa7 29. Qxc8 Qxa2 30. Bd8 Qa1+ 31. Kg2 Qe5 32. Bxf6+ Qxf6 33. Qg4 Qe7 34. Qf5 Kh6 35. Kh3 Qd8 36. f3 exf3 37. Qxf7 Qd3 38. Qxf3 Qd7+ 39. Kg2 Qd2+ 40. Kf1 Qc1+ 41. Kf2 Qc7 42. h3 Qc2+ 43. Qe2 Qf5+ 44. Kg2 Qe4+ 45. Kg1 Qb1+ 46. Kh2 Qc1 47. Qf2 g4 1/2-1/2

[Event "IECG CA.2002.0.00038 email"]
[Site "IECG email"]
[Date "2002.02.20"]
[Round "?"]
[White "Miras Garcia, Eduardo"]
[Black "Gallet, Gilles"]
[Result "1/2-1/2"]
[WhiteElo "2125"]
[BlackElo "2173"]
[PlyCount "127"]
[EventDate "2002.02.20"]
[EventType "tourn (corr)"]
[EventRounds "6"]
[SourceTitle "Corr 2008"]
[Source "ChessBase"]
[SourceDate "2008.06.24"]
[SourceVersion "1"]
[SourceVersionDate "2008.06.24"]
[SourceQuality "1"]

1. e4 c5 2. Nf3 Nc6 3. d4 cxd4 4. Nxd4 Nf6 5. Nc3 e5 6. Ndb5 d6 7. Bg5 a6 8. Na3 b5 9. Nd5 Be7 10. Bxf6 Bxf6 11. c3 Bg5 12. Nc2 0-0 13. a4 bxa4 14. Rxa4 Bb7 15. Bc4 Na5 16. Ba2 Bc6 17. Ra3 Bb5 18. h4 Bh6 19. Nce3 Bxe3 20. Nxe3 Rc8 21. Qg4 Nc4 22. Bxc4 Bxc4 23. Nf5 Qf6 24. Qg5 Qxg5 25. hxg5 Rb8 26. b4 Rb6 27. Kd2 f6 28. Ne3 Be6 29. gxf6 Rxf6 30. f3 Rc6 31. Rha1 Bc8 32. c4 Bb7 33. b5 axb5 34. cxb5 Rc5 35. Ra5 d5 36. exd5 Bxd5 37. b6 Rxa5 38. Rxa5 Bb7 39. Nc4 e4 40. fxe4 Bxe4 41. g4 h6 42. Ke3 Bh1 43. Ra1 Bg2 44. Ra2 Bh1 45. Ra1 Bg2 46. Rb1 Rg6 47. Ne5 Re6 48. Kf2 Bb7 49. Nd7 Rc6 50. Rb5 Rc4 51. Kg3 Rc3+ 52. Kf4 Rc4+ 53. Kf5 Rd4 54. Nc5 Rd5+ 55. Ke6 Bc6 56. Ra5 Rg5 57. Kd6 Bg2 58. Ra4 Rd5+ 59. Kc6 Rd4+ 60. Kc7 Rxa4 61. Nxa4 Kf7 62. Nc5 Kf6 63. Nb3 g6 64. Na5 1/2-1/2